000 01082nam2a2200265 4500
001 RU\NLR\bibl\1298584
005 20250615150329.0
010 _a978-5-273-00563-1
_bТ. 3
_9100000
021 _aRU
_b2008-77497
_94487
035 _a(NLR Aleph) 001284191
090 _a518226
_c518226
100 _a20081126d2008 |||y0rusy50 ca
101 0 _arus
102 _aRU
105 _aa |||||||||
200 1 _aМатушевский - Русаков
210 _d2008
_aБ. м.
215 _a558, [1] с.
_cил., цв. ил., портр.
320 _aБиблиогр. в конце слов. ст.
461 0 _1001RU\NLR\bibl\1353829
_12001#$aРеволюция и Гражданская война в России, 1917-1923$vТ. 3
_9848040
_cМосква
_d2008
_f[отв. ред. А. Матвеев]
_nТерра
_oэнциклопедия : в 4 т.
_tРеволюция и Гражданская война в России, 1917-1923
_y978-5-273-00560-0
_vТ. 3
801 0 _aRU
_bNLR
_c20081126
_gRCR
801 1 _aRU
_bNLR
_c20081126
942 _cBOOK
980 _aNB